Sociology Of Crime & Deliquency (Record no. 36839)

MARC details
000 -LEADER
fixed length control field 00404nam a2200169Ia 4500
008 - FIXED-LENGTH DATA ELEMENTS--GENERAL INFORMATION
fixed length control field 220531s9999 xx 000 0 und d
041 ## - LANGUAGE CODE
Language code of text/sound track or separate title eng
082 ## - DEWEY DECIMAL CLASSIFICATION NUMBER
Item number WOL
100 ## - MAIN ENTRY--PERSONAL NAME
Personal name Wolfgang &. Others
9 (RLIN) 65020
245 ## - TITLE STATEMENT
Title Sociology Of Crime & Deliquency
260 ## - PUBLICATION, DISTRIBUTION, ETC. (IMPRINT)
Name of publisher, distributor, etc. John wiley
Date of publication, distribution, etc. 1962
300 ## - PHYSICAL DESCRIPTION
Extent 423
542 ## - INFORMATION RELATING TO COPYRIGHT STATUS
Copyright holder 03-05-2011
650 ## - SUBJECT ADDED ENTRY--TOPICAL TERM
Topical term or geographic name as entry element Sociology
9 (RLIN) 65021
906 ## - LOCAL DATA ELEMENT F, LDF (RLIN)
d 2011-2012
Holdings
Withdrawn status Lost status Source of classification or shelving scheme Damaged status Not for loan Collection code Home library Current library Date acquired Vendor Cost, normal purchase price Total Checkouts Total Holds Full call number Barcode Date last seen Bill Date Koha item type Original Barcode
    Dewey Decimal Classification       Shri Siddhivinayak Mahila Mahavidyalaya Shri Siddhivinayak Mahila Mahavidyalaya 03/05/2011 Personal 50.00   1 /WOL/B/18207 SSMM-BK-18207 06/08/2022 06/08/2022 Books 010018207